000 00567nam a2200217Ia 4500
005 20241129115529.0
008 241129s9999||||xx |||||||||||||| ||und||
020 _a9781470437398
037 _aTB
040 _aSDCL
_beng
_cSDCL
041 _aeng
_2eng
084 _aB42 Q4
_qSDCL
100 _aKot Mark
_9727674
245 0 _aFirst course in the calculus of variations
260 _aHyderabad
_bAmerician Mathematical Society
_c2014
300 _a298p.
365 _aINR
_b0
650 _aGift
942 _cTB
_hB42 Q4
999 _c1230841
_d1230841